Отечественный геймдев - Statistics

General Stats
  • This quiz has been taken 32 times
  • The average score is 6 of 28
Answer Stats
Picture Answer % Correct
Братья Пилоты: По следам полосатого слона
52%
Knock-Knock!
52%
Вангеры
48%
Корсары
44%
Мор (Утопия)
40%
Peace, Death
36%
Приключения Буратино
28%
Космические рейнджеры
28%
Please, Don't Touch Anything
24%
Graveyard Keeper
20%
Milk Inside a Bag of Milk Inside a Bag of Milk
20%
Подземелье кремля
16%
Ex Machina
16%
Loop Hero
16%
Punch Club
16%
Тургор
12%
Помни
12%
TimeShift
12%
Дача кота Леопольда, или Особенности мышиной охоты
8%
Периметр
8%
Князь: Легенды лесной страны
8%
Трудно быть богом
8%
Breathedge
8%
The Final Station
8%
Hamlet or the Last Game without MMORPG Features, Shaders and Product Placement
4%
Iratus: Lord of the Dead
4%
Radiant One
4%
The Franz Kafka Videogame
4%
No matching quizzes found
Score Distribution
Percent of People with Each Score
Percentile by Number Answered
Your Score History
You have not taken this quiz